[Event "27th CRO-chT 1B-Men 2018"]
[Site "Biograd"]
[Date "2018.09.17"]
[Round "3.22"]
[White "Ivekovic, Zvonimir"]
[Black "Plenca, Julijan"]
[Result "*"]
[WhiteElo "2424"]
[BlackElo "2417"]
[Annotator "TA"]
[PlyCount "54"]
[EventDate "2018.09.15"]
[EventType "team-tourn"]
[EventCountry "CRO"]
[SourceTitle "playchess.com"]
[Source "ChessBase"]
[SourceQuality "1"]

{[%evp 19,54,26,68,0,115,107,92,93,127,129,122,124,132,118,149,129,163,159,162,163,165,160,203,180,214,218,230,224,229,189,184,187,185,185,217,214,254]} 1. e4 c5 2. Nf3 d6 3. d4 cxd4 4. Nxd4 Nf6 5. Nc3 g6 6. Be3 Bg7 7. f3 O-O 8. Qd2 Nc6 9. O-O-O d5 10. Nxc6 bxc6 {LiveBook: 97 Games} 11. Bc4 {B76: Sicilian Dragon: Yugoslav Attack, 9 g4 and 9 0-0-0} (11. exd5 $14 Nxd5 12. Nxd5 cxd5 13. Qxd5) (11. Bh6 Qb6 12. h4 dxe4 13. Bxg7 e3 14. Qe1 Kxg7 15. Na4 Qc7 16. Qxe3 h5 17. Bc4 Bf5 18. Rhe1 Qg3 19. Qg5 {½-½ (41) Nepomniachtchi,I (2751)-Nakamura,H (2792) Saint Louis 2017}) 11... Qc7 (11... Bb7 $11 12. exd5 cxd5 13. Nxd5 Nxd5 14. Bxd5 Bxd5 15. Qxd5 Qc7) 12. exd5 $16 cxd5 13. Bxd5 {White is better.} Nxd5 14. Nxd5 ({Much weaker is} 14. Qxd5 $6 Rb8 $11) 14... Qb7 {[%csl Gg7][%cal Rb7b2] [#]} 15. Qb4 Qxb4 16. Nxb4 Rb8 17. c3 Bf5 18. g4 {White is clearly better.} Be6 19. Bxa7 $146 Rb7 20. Bd4 Bh6+ 21. Kb1 Ra8 22. b3 Bf4 23. Nd3 Bd6 24. Nc5 Bxc5 25. Bxc5 Rc7 {[#]} 26. Bd4 $1 Rc6 27. c4 f5 *

[Event "27th CRO-chT 1B-Men 2018"]
[Site "Biograd"]
[Date "2018.09.17"]
[Round "3.23"]
[White "Bobanac, Miro"]
[Black "Mathe, Gaspar"]
[Result "1/2-1/2"]
[WhiteElo "2288"]
[BlackElo "2308"]
[Annotator "TA"]
[PlyCount "121"]
[EventDate "2018.09.15"]
[EventType "team-tourn"]
[EventCountry "CRO"]
[SourceTitle "playchess.com"]
[Source "ChessBase"]
[SourceQuality "1"]

{[%evp 9,121,-47,-34,-49,-49,-52,-50,-58,-60,-64,-43,-33,-31,-76,-39,-52,-30,-45,-37,-35,-32,-69,-20,-34,-23,-37,-6,-7,0,0,0,0,0,-8,-1,-6,0,0,0,0,0,-3,0,-6,-4,-14,-7,-6,-4,-20,0,0,0,0,0,0,0,0,0,0,0,-14,0,0,0,0,168,165,165,53,60,101,92,-43,-59,-62,-52,-185,-175,-167,-165,-191,-191,-191,-203,-208,-208,-212,-209,-188,-175,-206,-127,-457,-445,-347,-123,-232,-108,-128,-29,-29,-15,-15,-15,-15,-15,-16,-14,-20,-8,-11,-13,-28]} 1. b3 e5 2. Bb2 Nc6 3. e3 Nf6 4. Ne2 (4. Bb5 Bd6 5. Na3 e4 6. Nc4 Be7 7. Bxc6 bxc6 8. Ne2 a5 9. O-O a4 10. d3 exd3 11. cxd3 axb3 12. axb3 Rxa1 13. Qxa1 {1-0 (27) Karjakin,S (2782)-Giri,A (2782) Leuven 2018}) 4... d5 5. d4 Bd6 6. dxe5 {A01: Nimzowitsch-Larsen Opening} Bxe5 $146 ({Predecessor:} 6... Nxe5 7. Nf4 O-O 8. Nd2 Qe7 9. Nf3 c6 10. Nd3 Ng6 11. Be2 Ne4 {0-1 (43) Hoffmann,H (2220)-Bogner,S (2191) Neuhausen 2004}) 7. Bxe5 Nxe5 8. Qd4 {Black is slightly better.} Qe7 9. Nf4 c6 10. Nd2 O-O 11. Bd3 Rd8 12. O-O b6 13. Rfe1 Bb7 14. Rad1 c5 15. Qb2 Qc7 16. Be2 d4 17. Nf1 $1 dxe3 18. Nxe3 Nf3+ 19. Bxf3 Bxf3 20. Rxd8+ Rxd8 21. Nd3 Be4 22. Qe5 Qxe5 (22... Qc6 {with more complications.} 23. Qe7 Re8 24. Qxa7 Bxd3 25. cxd3 Nd5) 23. Nxe5 Kf8 24. f3 Bb7 25. Kf2 g6 26. g4 h5 27. g5 Rd2+ 28. Kg3 Ne8 29. N3c4 Rd8 30. h4 Ng7 31. Ne3 Rd6 32. N5c4 Rd4 33. Ne5 Ne6 34. c3 Rd8 $1 35. Re2 Ba6 36. Re1 Rd2 37. a3 Bb7 $2 (37... Kg7 $11 {and Black stays safe.}) 38. N3c4 $18 Rc2 {[#]} 39. Nxg6+ $1 {[%mdl 512]} Kg7 $1 $14 {[%cal Rg7g6]} (39... fxg6 40. Rxe6) 40. Nge5 Rxc3 41. Re3 (41. Nd6 $16 Bd5 42. Nf5+ Kh7 43. b4) 41... Rxe3 $15 42. Nxe3 {[%mdl 4096] Endgame KBN-KNN} Nd4 43. b4 {[#]} (43. f4 $15) 43... cxb4 $1 $19 44. axb4 a5 45. bxa5 bxa5 46. N5c4 a4 (46... Bxf3 47. Nxa5 Bh1 48. Kf4 $11) 47. f4 Ne2+ 48. Kf2 Nxf4 49. Nf5+ Kh7 50. Ke3 Ng6 {Threatens to win with ...Bc8.} 51. Kd4 $2 {[%mdl 8192]} (51. Ng3 $17) 51... Bc8 52. Nce3 Be6 $2 (52... Bxf5 $19 {and Black stays clearly on top.} 53. Nxf5 Nf4) 53. Kc3 {[#]} (53. Ng3 $17) 53... a3 (53... Bxf5 $1 $19 {has better winning chances.} 54. Nxf5 Ne5) 54. Ng3 $17 Nxh4 (54... Nf4 $17 {aiming for ...Kg6.} 55. Kc2 Kg6) 55. Nxh5 $11 Nf3 56. Nf4 {The position is equal.} a2 ({Don't play} 56... Nxg5 57. Nxe6 Nxe6 58. Kb3 $17) 57. Kb2 {[#]} Bb3 $1 {[%mdl 512]} 58. Nd3 (58. Kxb3 a1=Q) 58... Kg6 ({Resist} 58... Nxg5 59. Nc5 $17) 59. Nc5 Nd4 60. Nxb3 Nxb3 61. Kxa2 {Precision: White = 43%, Black = 50%.} 1/2-1/2

[Event "27th CRO-chT 1B-Men 2018"]
[Site "Biograd"]
[Date "2018.09.17"]
[Round "3.24"]
[White "Vrban, Mladen"]
[Black "Brulic, Denis"]
[Result "1/2-1/2"]
[WhiteElo "2280"]
[BlackElo "2232"]
[Annotator "TA"]
[PlyCount "37"]
[EventDate "2018.09.15"]
[EventType "team-tourn"]
[EventCountry "CRO"]
[SourceTitle "playchess.com"]
[Source "ChessBase"]
[SourceQuality "1"]

{[%evp 9,37,-17,-10,-7,-8,-12,8,-8,0,-8,2,-1,17,0,5,-11,-19,-29,0,-25,-20,-56,-52,-87,-58,-99,-97,-100,-66,-95]} 1. f4 d5 2. Nf3 g6 3. g3 Bg7 4. Bg2 c6 5. c3 Qb6 6. e3 {A03: Bird's Opening with 1...d5} (6. Qb3 Nd7 7. d3 Nh6 8. Na3 Nc5 9. Qxb6 axb6 10. Nc2 Nf5 11. Kf2 O-O 12. g4 Nd6 13. h3 f6 {0-1 (53) Hamitevici,V (2487)-Rodshtein,M (2698) Chartres 2017}) 6... Nf6 7. O-O Bg4 $146 (7... O-O {with more complications.} 8. d4 c5 9. b3 Bg4 10. Nbd2 Nc6) ({Predecessor:} 7... Bf5 8. Qe2 Nbd7 9. h3 O-O-O 10. Kh2 h5 11. Ng5 Rhf8 12. d4 Bh6 13. Nd2 Bxg5 14. fxg5 {½-½ (35) Kotz,R (2078)-Stiller,J (2180) Bayern 2015}) 8. h3 {The position is equal.} Bxf3 9. Bxf3 O-O 10. d4 Nbd7 11. Nd2 c5 $36 {[%mdl 2048] Black is pushing.} 12. Kg2 Rac8 13. g4 {[%cal Bg3g4,Bg4g5][%mdl 32]} e6 14. g5 Ne8 $1 {[%cal Bf6e8,Be8d6,Bd6f5,Bf5h4][%mdl 32]} 15. Rf2 Nd6 16. Nf1 Nf5 17. Ng3 Nh4+ ({Of course not} 17... cxd4 $6 18. Nxf5 gxf5 19. exd4 $11) 18. Kh2 Rfd8 19. Be2 {Precision: White = 43%, Black = 52%.} 1/2-1/2

[Event "27th CRO-chT 1B-Men 2018"]
[Site "Biograd"]
[Date "2018.09.19"]
[Round "3.25"]
[White "Medvegy, Zoltan"]
[Black "Kosic, Dragan"]
[Result "1/2-1/2"]
[WhiteElo "2543"]
[BlackElo "2465"]
[Annotator "TA"]
[PlyCount "71"]
[EventDate "2018.09.15"]
[EventType "team-tourn"]
[EventCountry "CRO"]
[SourceTitle "playchess.com"]
[Source "ChessBase"]
[SourceQuality "1"]

{[%evp 21,71,57,74,57,80,66,85,85,85,77,89,81,89,72,76,54,52,45,77,52,63,57,65,33,50,48,77,80,129,84,87,93,85,78,82,101,95,108,85,0,191,176,169,0,0,0,0,0,0,0,0,-99]} 1. Nf3 Nf6 2. c4 c5 3. Nc3 Nc6 4. g3 g6 5. Bg2 d6 6. a3 {[%cal Ba2a3,Ba3b4,Bb4b5][%mdl 32]} Bg7 7. Rb1 Bf5 8. d3 Qc8 9. b4 cxb4 10. axb4 Bh3 11. O-O O-O {LiveBook: 3 Games} 12. b5 {A38: Symmetrical English vs ...g6: 4 Bg2 Bg7 5 Nf3 Nf6} (12. Bg5 Bxg2 13. Kxg2 Ng4 14. Nd5 f6 15. b5 Qd7 16. bxc6 bxc6 17. Qa4 fxg5 18. Qxc6 Qxc6 19. Nxe7+ Kh8 20. Nxc6 {1-0 (36) Rogac,S (2387)-Savanovic,V (2284) Kac 2016}) 12... Bxg2 13. Kxg2 Ne5 $146 ({Predecessor:} 13... Nb8 14. Bg5 Nbd7 15. Qd2 h5 16. e4 e6 17. Rfc1 Re8 18. Bf4 e5 19. Bg5 Nc5 20. Bxf6 Bxf6 {1-0 (71) Manzi,L (2044)-Zimmermann,K (1921) Florianopolis 2017}) 14. Nxe5 {White is better.} dxe5 15. f3 Nd7 16. Be3 e6 17. Na4 b6 18. Nc3 f5 19. Qc2 Rb8 20. Rb3 Rb7 21. Ra3 Rf7 22. Rb1 h5 23. Na2 Rc7 24. Nb4 e4 25. Na6 exf3+ 26. exf3 Rb7 27. d4 e5 28. c5 exd4 {[%cal Rb6c5]} 29. c6 dxe3 30. Qa2 (30. Rc1 $16) 30... Nf6 $2 (30... Ne5 $1 $11 31. cxb7 Qxb7) 31. cxb7 $18 Qxb7 {[#]} 32. Rxe3 $2 (32. Nb4 $1 $18 {[%cal Rb4c6]} Ne4 33. Nd5 (33. fxe4 Qxe4+ 34. Kh3 Qg4+ 35. Kg2 Qe4+ 36. Kh3 Qg4+ 37. Kg2 Qe4+ $11) (33. Rxe3 Nc3 $11)) 32... Nd5 $11 {The position is equal.} 33. Re8+ Kh7 {Hoping for ...Nc3.} 34. Qc4 Qd7 35. Rbe1 f4 36. Nb4 {Precision: White = 51%, Black = 53%.} (36. Nb8 $11 {remains equal.} Qf5 37. gxf4) 1/2-1/2

[Event "27th CRO-chT 1B-Men 2018"]
[Site "Biograd"]
[Date "2018.09.17"]
[Round "3.26"]
[White "Antunac, Goran"]
[Black "Rezan, Sasa"]
[Result "1/2-1/2"]
[WhiteElo "2359"]
[BlackElo "2436"]
[Annotator "TA"]
[PlyCount "66"]
[EventDate "2018.09.15"]
[EventType "team-tourn"]
[EventCountry "CRO"]
[SourceTitle "playchess.com"]
[Source "ChessBase"]
[SourceQuality "1"]

{[%evp 24,66,-60,-66,-47,-79,-69,-69,-62,-75,-82,-235,-144,-111,3,-111,-117,-137,-53,-53,-61,-62,-56,-45,-42,-41,-42,-51,-37,-41,-40,-39,-10,-76,-78,-77,-78,-77,-81,-74,0,0,0,0,0]} 1. d4 Nf6 2. Nf3 d5 3. c4 e6 4. g3 dxc4 5. Qc2 a6 6. Qxc4 b5 7. Qc2 Bb7 8. Bg2 Nbd7 9. O-O c5 10. a4 b4 11. Nbd2 {E03: Open Catalan: 5 Qa4+ Nbd7 6 Qxc4} Rc8 12. Qd3 cxd4 13. Qxd4 {LiveBook: 3 Games. Black is slightly better.} Bc5 14. Qh4 (14. Qd3 O-O 15. Nb3 Qe7 16. Be3 Bxe3 17. Qxe3 Nc5 18. Nxc5 Qxc5 19. Qxc5 Rxc5 20. Rfc1 Rfc8 21. Rxc5 Rxc5 22. Ne1 Bxg2 23. Kxg2 a5 {½-½ (23) Xiang,Z (2380)-Berkes,F (2669) Neustadt an der Weinstrasse 2018}) 14... O-O 15. Nb3 Be7 16. Rd1 Bd5 17. Nfd4 $2 (17. Nbd4 $17) 17... Bxg2 $146 ({Predecessor:} 17... Ne4 18. Qh3 Qb6 19. Be3 Ndc5 20. Nf5 exf5 21. Rxd5 Qe6 22. Bxc5 Qxd5 23. Bxe7 Rfe8 24. Bxe4 fxe4 {0-1 (24) Marsalek,Z (2235)-Jirovsky,M (2435) Pribram 1998}) 18. Kxg2 Nc5 {[#]} ({Black should play} 18... Ne5 $17 {Strongly threatening ...Ng6.} 19. Qh3 Qd5+ 20. f3 Rfd8) 19. Nxc5 (19. Nf5 $1 $11 {[%mdl 512] keeps the balance.} Qc7 (19... exf5 20. Rxd8) 20. Nxe7+ Qxe7 21. Nxc5 Qxc5 22. Bg5) 19... Rxc5 $17 ({Much weaker is} 19... Bxc5 $6 20. Bg5 $11) 20. Bg5 {[#]} h6 (20... Qa8+ $1 $17 21. Kg1 h6 22. Bxf6 Bxf6) 21. Bxf6 $1 $15 Bxf6 22. Qe4 {Black must now prevent Nxe6.} Rc4 {[%cal Rc4d4]} 23. e3 Bxd4 24. Rxd4 Rxd4 25. exd4 {[%mdl 4096] Endgame KQR-KQR} Qd7 $1 26. b3 Rd8 27. Rd1 Qc7 28. h4 (28. d5 $11) 28... Rd5 $17 29. Rd2 Qd7 30. f4 g6 31. Kf3 Kg7 (31... Rd6 $17) 32. Ke3 $11 Qd6 33. Rc2 a5 {Precision: White = 50%, Black = 54%.} 1/2-1/2

[Event "27th CRO-chT 1B-Men 2018"]
[Site "Biograd"]
[Date "2018.09.17"]
[Round "3.27"]
[White "Bilobrk, Franjo"]
[Black "Mufic, Goran"]
[Result "1/2-1/2"]
[WhiteElo "2360"]
[BlackElo "2254"]
[Annotator "TA"]
[PlyCount "135"]
[EventDate "2018.09.15"]
[EventType "team-tourn"]
[EventCountry "CRO"]
[SourceTitle "playchess.com"]
[Source "ChessBase"]
[SourceQuality "1"]

{[%evp 22,135,51,64,85,82,79,46,55,52,66,69,73,74,76,56,69,93,91,12,37,38,37,39,33,29,37,0,0,-19,-19,-13,-15,-95,-54,-125,-54,-54,-20,-102,0,-54,-54,-54,-54,-54,-54,-54,-54,-54,-54,-54,-54,-54,-54,-54,-54,-54,-54,-54,-54,-54,-54,-62,-54,-54,-54,-54,-54,-54,-47,-47,-47,-47,-47,-48,-48,-48,-48,-48,-10,-25,-25,-25,-25,-25,-25,-91,-28,-91,0,0,0,0,0,0,0,0,0,0,0,0,0,0,0,0,0,0,0,0,0,0,0,0,0,0]} 1. d4 Nf6 2. c4 c5 3. Nf3 cxd4 4. Nxd4 g6 5. Nc3 Bg7 6. e4 d6 7. Be2 O-O 8. Be3 Nc6 9. O-O Bd7 10. f3 Nxd4 11. Bxd4 Bc6 12. b4 {[%cal Bb2b4,Bb4b5][%mdl 32] LiveBook: 22 Games. B38: Sicilian: Maroczy Bind with 5...Bg7 and 7...0-0} (12. Qd2 Nd7 13. Be3 a5 14. b3 Nc5 15. Rab1 Be5 16. Rfd1 e6 17. Bd4 Qf6 18. Qe3 Rfd8 19. Bxe5 Qxe5 20. Rd2 g5 21. Rbd1 Kf8 22. Bf1 h6 23. g3 {0-1 (77) Neiksans,A (2586)-Kveinys,A (2545) Riga 2017}) 12... a5 13. b5 Be8 14. e5 $146 {White is better.} ({Predecessor:} 14. Nd5 Nd7 15. Bxg7 Kxg7 16. f4 f6 17. Qd4 Bf7 18. Kh1 Bxd5 19. exd5 Qb6 {½-½ (33) Balcerak,P (2210)-Krensing,J (2272) Cologne 2004}) 14... dxe5 15. Bxe5 Nd7 16. Bxg7 Kxg7 17. Na4 Qc7 18. Qd4+ e5 19. Qe3 Rc8 20. f4 (20. Rfd1 $16) 20... Nc5 21. Nxc5 Qxc5 22. Qxc5 Rxc5 23. fxe5 Bd7 24. Rad1 Be6 25. Rd6 Rxe5 26. Bd3 Rc8 27. Rb6 (27. Rd4 $11) 27... Rc7 {Hoping for ...Rd7.} 28. Rf4 ({White should try} 28. Rd6 $15) 28... Re1+ (28... Rd7 $17 29. Re4 Kf6 30. Rf4+ Ke7) 29. Rf1 $15 Re3 30. Rf3 (30. Rd6 $1 $11 {remains equal.}) 30... Re1+ 31. Rf1 $1 {[%cal Rf1e1]} Rxf1+ 32. Kxf1 Bxc4 33. Bxc4 Rxc4 34. Rxb7 {[%mdl 4096] Endgame KR-KR} Ra4 35. Ra7 Rxa2 36. b6 Rb2 37. b7 {[#]} a4 $1 {[%mdl 512]} 38. Rxa4 Rxb7 39. Kf2 Rb2+ 40. Kf3 Rb3+ 41. Kf2 h6 42. Rc4 Rd3 43. Ra4 Kf6 44. Ke2 Rb3 45. Kf2 Kg5 46. Ra5+ f5 47. Ra6 Kh5 48. Ra4 g5 49. h3 Rb2+ 50. Kf3 g4+ 51. hxg4+ fxg4+ 52. Kg3 Rb3+ 53. Kf2 Kh4 54. Ra2 {[#]} (54. Rc4 $11) 54... Rb5 (54... Rb4 $1 $17) 55. Rc2 (55. Ra4 $1 $11 {keeps the balance.}) 55... g3+ ({Better is} 55... Rb4 $17 56. Ra2 Rf4+ 57. Kg1 g3) 56. Ke3 {The position is equal.} Rf5 57. Ra2 h5 58. Rb2 Kg4 {Strongly threatening ...Re5+.} 59. Rb4+ Kg5 60. Ra4 Re5+ 61. Kf3 h4 62. Rg4+ Kh5 {Threatens to win with ...Re3+!} 63. Rg8 Rf5+ 64. Ke3 Rf6 65. Rh8+ Kg5 66. Rg8+ Kf5 67. Kf3 Rf7 68. Rg4 {Precision: White = 63%, Black = 50%.} 1/2-1/2

[Event "27th CRO-chT 1B-Men 2018"]
[Site "Biograd"]
[Date "2018.09.17"]
[Round "3.28"]
[White "Doric, Nenad"]
[Black "Biliskov, Vjekoslav"]
[Result "1/2-1/2"]
[WhiteElo "2249"]
[BlackElo "2292"]
[Annotator "TA"]
[PlyCount "35"]
[EventDate "2018.09.15"]
[EventType "team-tourn"]
[EventCountry "CRO"]
[SourceTitle "playchess.com"]
[Source "ChessBase"]
[SourceQuality "1"]

{[%evp 18,35,47,38,41,30,35,8,12,14,21,34,34,20,34,10,13,10,31,14]} 1. e4 c5 2. c3 d5 3. exd5 Qxd5 4. d4 Nf6 5. Nf3 a6 6. Be2 e6 7. O-O Nc6 8. c4 {B28: Sicilian: 2 Nf3 a6 (O'Kelly Variation)} (8. Be3 cxd4 9. Nxd4 Nxd4 10. Bxd4 Bc5 11. Bf3 Qd6 12. Na3 Bxd4 13. Qxd4 Qxd4 14. cxd4 Rb8 15. Rac1 b5 16. Rc7 O-O 17. Rfc1 {½-½ (59) Goganov,A (2576)-Romanov,E (2628) Yaroslavl 2018}) 8... Qd6 9. dxc5 Qxd1 10. Rxd1 {LiveBook: 4 Games} Ne4 11. Be3 Bxc5 12. Nd4 Nxd4 13. Bxd4 Bxd4 14. Rxd4 Nf6 15. Nc3 Bd7 $146 16. Bf3 O-O-O 17. Rad1 Kc7 18. Kf1 1/2-1/2

[Event "27th CRO-chT 1B-Men 2018"]
[Site "Biograd"]
[Date "2018.09.19"]
[Round "3.29"]
[White "Zelic, Mladen"]
[Black "Tomulic, Teo"]
[Result "1-0"]
[WhiteElo "2266"]
[BlackElo "2264"]
[Annotator "TA"]
[PlyCount "63"]
[EventDate "2018.09.15"]
[EventType "team-tourn"]
[EventCountry "CRO"]
[SourceTitle "playchess.com"]
[Source "ChessBase"]
[SourceQuality "1"]

{[%evp 10,62,0,0,28,0,9,-21,50,56,47,47,87,85,94,0,8,41,111,111,113,114,151,154,188,141,171,173,337,320,406,418,441,445,465,422,500,493,739,754,948,948,946,742,724,679,1200,989,914,829,29996,29997,29998,29999,29999]} 1. e4 e5 2. f4 Bc5 3. Nf3 d6 4. Nc3 Nc6 5. Bc4 Nf6 6. d3 {[%cal Bd2d3,Bd3c4][%mdl 32] LiveBook: 286 Partien} Qe7 {C30: Abgelehntes Königsgambit} (6... a6 7. fxe5 dxe5 8. Bg5 Qd6 9. Qd2 Nd7 10. O-O-O Nb6 11. Bb3 Be6 12. Nh4 f6 13. Be3 Bxe3 14. Qxe3 Nd4 15. Bxe6 Qxe6 16. Kb1 {1-0 (39) Adhiban,B (2655)-Ivanchuk,V (2726) Riadh 2017}) 7. f5 Na5 8. Bg5 {Und Sd5 würde nun gewinnen.} c6 ({Günstiger ist} 8... Nxc4 $11 9. dxc4 Bb4) 9. a3 $14 {Droht stark La2.} Nxc4 10. dxc4 a5 11. Qd3 h6 $146 ({Vorgänger:} 11... a4 12. O-O-O h6 13. Be3 Bxe3+ 14. Qxe3 {1-0 (22) Lowcki,M-Thoenes,C Hamburg 1910}) 12. Be3 (12. Bxf6 $16 gxf6 13. O-O-O) 12... Bxe3 13. Qxe3 d5 ({Besser ist} 13... b5 $14) 14. cxd5 $16 cxd5 15. exd5 Bxf5 {[#]} 16. O-O-O $1 ({Keinesfalls} 16. Nxe5 $6 Bxc2 17. Rc1 Nd7 $14) ({Lieber nicht} 16. Qxe5 Qxe5+ 17. Nxe5 Bxc2 $11) 16... Ng4 17. Qb6 Ra6 18. Qb5+ Kf8 $2 (18... Qd7) 19. Rhe1 $18 Qc7 20. h3 Nf6 21. Nxe5 Kg8 22. Qf1 Bc8 23. Qd3 Nd7 (23... Qd8 $142 24. d6 Be6) 24. d6 Qd8 {[#]} 25. Nxf7 $1 {[%mdl 512]} Kxf7 26. Re7+ Qxe7 27. dxe7 Kxe7 28. Nd5+ Kf7 29. Re1 {jetzt Te7+ und aus.} Nf6 30. Re7+ {Weiß setzt Matt.} Kf8 31. Qg6 {[%csl Ge7][%cal Rg6g7]} Rg8 32. Qf7# {Precision: Weiß = 72%, Schwarz =  7%.} 1-0

[Event "27th CRO-chT 1B-Men 2018"]
[Site "Biograd"]
[Date "2018.09.17"]
[Round "3.30"]
[White "Safar, Sandro"]
[Black "Jusic, Zdenko"]
[Result "0-1"]
[WhiteElo "2214"]
[BlackElo "2261"]
[Annotator "TA"]
[PlyCount "120"]
[EventDate "2018.09.15"]
[EventType "team-tourn"]
[EventCountry "CRO"]
[SourceTitle "playchess.com"]
[Source "ChessBase"]
[SourceQuality "1"]

{[%evp 16,120,33,23,35,6,41,48,61,25,25,22,31,11,29,0,0,0,0,0,0,0,-11,-11,-10,-53,-47,-54,-52,-52,-33,-22,0,0,-4,-45,-43,-98,-101,-129,-128,-129,-119,-277,-274,-281,-268,-251,-212,-195,-198,-268,-264,-264,-264,-337,-337,-337,-337,-329,-318,-535,-504,-525,-481,-858,-658,-885,-800,-717,-489,-489,-483,-1139,-922,-1030,-1021,-1560,-1369,-1923,-1549,-1448,-1075,-1901,-1952,-2122,-1934,-5708,-5845,-5197,-4134,-29974,-29976,-29975,-29978,-29978,-29978,-29980,-29981,-29981,-29982,-29982,-29983,-29982,-29982,-29983,-29984]} 1. d4 d6 2. e4 Nf6 3. Nc3 e5 4. dxe5 dxe5 5. Qxd8+ Kxd8 6. Nf3 Bd6 7. Bc4 Ke8 8. h3 {B07: Pirc Defence: Miscellaneous Systems} (8. Be3 a6 9. a3 h6 10. h3 Ke7 11. O-O-O Be6 12. Nd2 Nbd7 13. Bxe6 Kxe6 14. Nc4 Rac8 15. f3 Bc5 16. Bxc5 Nxc5 {½-½ (41) Salgado Lopez,I (2627)-Jobava,B (2687) Tbilisi 2017}) 8... a6 9. a4 {LiveBook: 6 Games} Nc6 10. Bg5 {White is slightly better.} Nb4 $146 ({Predecessor:} 10... Be6 11. Bxe6 fxe6 12. Be3 Rf8 13. Nd2 Nd4 14. Rc1 Bb4 15. f3 Nd7 {½-½ (40) Fiebig,T (2453)-Glek,I (2467) Germany 2011}) 11. O-O-O h6 12. Bxf6 gxf6 13. Nh4 Bc5 14. f3 Be6 15. Nd5 Nxd5 $1 16. Bxd5 c6 $36 {[%mdl 2048] Black has the initiative.} 17. Bb3 h5 18. g4 hxg4 19. hxg4 Rd8 20. Rxd8+ Kxd8 21. Rd1+ Kc7 22. Nf5 Rh7 23. Rd3 b5 24. axb5 $1 axb5 {[%cal Ba6b5,Bb5b4][%mdl 32]} 25. Rd1 Bc8 26. Rf1 {[#]} (26. c3 $15) 26... Ba6 $1 $17 {aiming for ...b4.} 27. c3 b4 28. c4 Rh3 29. Ng7 $2 (29. Ba2 $17) 29... Be3+ $19 30. Kb1 Kb6 31. Nf5 Bc5 32. Ba2 Ka5 {White must now prevent ...Ka4.} 33. Kc2 (33. Bb3 $142) 33... Rh2+ 34. Kb3 Rd2 35. Bb1 Bd4 36. Nxd4 Rxd4 {[%mdl 4096] Endgame KRB-KRB} ({Less strong is} 36... exd4 37. e5 $15) 37. Rc1 c5 38. Rh1 $2 (38. Ba2) 38... Bxc4+ 39. Kc2 Rd3 40. Rh3 (40. Kc1 $142 Rxf3 41. Bc2) 40... b3+ 41. Kc1 Rd4 42. Rh2 Bd3 43. Bxd3 Rxd3 {KR-KR} 44. Rf2 (44. f4 $142 Re3 45. Kd2 Rxe4 46. fxe5 fxe5 47. Kc3) 44... Kb4 45. f4 Rg3 46. g5 Rg1+ 47. Kd2 Rb1 48. Ke3 exf4+ 49. Kxf4 fxg5+ 50. Kxg5 Re1 51. Kf5 Rc1 52. Ke5 Rc2 53. Rxf7 Rxb2 {Black mates.} 54. Rb7+ Kc3 55. Kd5 c4 56. e5 Rd2+ 57. Kc5 Re2 58. Kd5 b2 59. e6 Re1 60. e7 {[#]} Rxe7 $1 {[%mdl 512] Precision: White = 39%, Black = 88%.} 0-1